00581nam a2200193Ia 450000500170000000800410001702000180005804000180007604100080009408200200010210000160012224500420013825000120018026000520019230000350024465000280027965000360030765000440034320241022115837.0210716s2009 xx 000 0 und d a9788184884296 cAIMIT LIBRARY aeng a511.2 21bSINJ aSingh, J K. aBusiness mathematics /cBy J K Singh. a1st ed. aNew Delhi :bHimalaya Publishing House ,c2009. a16.18,65,T.39p. ;bPBc24.4 cm aApplications of matrics aApplications of differentiation aApplications of partial differentiation